Online katalóg knižníc regiónu Turca

Zakliaty hrad v Tatrách (Record no. 21874)

MARC details
000 -LEADER
fixed length control field 01713cam a2200469 a 4500
001 - CONTROL NUMBER
control field 21874
003 - CONTROL NUMBER IDENTIFIER
control field VRT
005 - DATE AND TIME OF LATEST TRANSACTION
control field 20260313141049.0
008 - FIXED-LENGTH DATA ELEMENTS--GENERAL INFORMATION
fixed length control field 240226s1993 xo a gr 000 j slo
015 ## - NATIONAL BIBLIOGRAPHY NUMBER
National bibliography number SNBA1994/01
020 ## - INTERNATIONAL STANDARD BOOK NUMBER
International Standard Book Number 8070902639
Qualifying information (viazané)
035 ## - SYSTEM CONTROL NUMBER
System control number SNK000016594
039 #9 - LEVEL OF BIBLIOGRAPHIC CONTROL AND CODING DETAIL [OBSOLETE]
Level of rules in bibliographic description 202402261442
Level of effort used to assign nonsubject heading access points VLOAD
Level of effort used to assign subject headings 202311211901
Level of effort used to assign classification VLOAD
Level of effort used to assign subject headings 202211301406
Level of effort used to assign classification msnk24
Level of effort used to assign subject headings 202211301405
Level of effort used to assign classification msnk24
040 ## - CATALOGING SOURCE
Original cataloging agency SNK
Language of cataloging slo
Transcribing agency SNK
Description conventions AACR2
041 0# - LANGUAGE CODE
Language code of text/sound track or separate title slo
044 ## - COUNTRY OF PUBLISHING/PRODUCING ENTITY CODE
MARC country code xo
ISO country code SK
072 #7 - SUBJECT CATEGORY CODE
Subject category code 821.162.4
Subject category code subdivision Slovenská literatúra
Source konspekt
080 ## - UNIVERSAL DECIMAL CLASSIFICATION NUMBER
Universal Decimal Classification number 885.4-3(087.5)
Edition identifier 1981
080 ## - UNIVERSAL DECIMAL CLASSIFICATION NUMBER
Universal Decimal Classification number 821.162.4-34
Edition identifier 2011
080 ## - UNIVERSAL DECIMAL CLASSIFICATION NUMBER
Universal Decimal Classification number (0:82-343)
Edition identifier 2011
100 1# - MAIN ENTRY--PERSONAL NAME
Personal name Marec, Anton,
Dates associated with a name 1953-2021
Relationship aut
245 10 - TITLE STATEMENT
Title Zakliaty hrad v Tatrách
Remainder of title legendy, báje a povesti z Tatier
Statement of responsibility, etc. Anton Marec ; [ilustrácie Igor Cvacho]
250 ## - EDITION STATEMENT
Edition statement 1. vyd.
260 ## - PUBLICATION, DISTRIBUTION, ETC.
Place of publication, distribution, etc. Martin
Name of publisher, distributor, etc. Matica slovenská
Date of publication, distribution, etc. 1993
Place of manufacture Liptovský Mikuláš
Manufacturer TeLeM
300 ## - PHYSICAL DESCRIPTION
Extent 115 strán
Other physical details ilustrácie
Dimensions 25 cm
651 #7 - SUBJECT ADDED ENTRY--GEOGRAPHIC NAME
Geographic name Tatry (Slovensko : región)
Source of heading or term SNPHgeo
655 #7 - INDEX TERM--GENRE/FORM
Genre/form data or focus term slovenské povesti
Source of term SNKPH
655 #7 - INDEX TERM--GENRE/FORM
Genre/form data or focus term báje
Source of term SNKPH
655 #7 - INDEX TERM--GENRE/FORM
Genre/form data or focus term legendy
Source of term SNKPH
700 1# - ADDED ENTRY--PERSONAL NAME
Personal name Cvacho, Igor,
Dates associated with a name 1961-
Relationship ill
910 ## - USER-OPTION DATA (OCLC)
User-option data snk
942 ## - ADDED ENTRY ELEMENTS (KOHA)
Source of classification or shelving scheme Dewey Decimal Classification
Koha item type Krásna literatúra pre deti
Suppress in OPAC No
949 ## - LOCAL PROCESSING INFORMATION (OCLC)
6 3830001040256
a kurukT18/MARE1-5
b kuruk2010/F367
949 ## - LOCAL PROCESSING INFORMATION (OCLC)
6 17A0053459
9 P60, <04>, [BOOK], {604}
a snkSC 84978 D1
949 ## - LOCAL PROCESSING INFORMATION (OCLC)
6 3830001004732
a kurukT18/MARE1-5
949 ## - LOCAL PROCESSING INFORMATION (OCLC)
6 270001000038346
a svkbbB 27898
p 582.006
949 ## - LOCAL PROCESSING INFORMATION (OCLC)
6 17A0996373
a snkSC 84978
b snkKSP 403/94
s 6100:20221206
949 ## - LOCAL PROCESSING INFORMATION (OCLC)
6 273K0484369
9 1
a svkpoB 62415
b svkpo396919
o PV 355/94
949 ## - LOCAL PROCESSING INFORMATION (OCLC)
6 17A0254935
a snkSC 84978 D2
b snkD 924/94
949 ## - LOCAL PROCESSING INFORMATION (OCLC)
6 17A0254424
a snkSC 84978 D3
b snkD 925/94
949 ## - LOCAL PROCESSING INFORMATION (OCLC)
6 17A0254668
a snkSC 84978 D4
b snkD 926/94
Holdings
Stav vyradenia Strata Poškodenie Spôsob nadobudnutia Domovská knižnica Aktuálna knižnica Dátum nadobudnutia Total checkouts Čiarový kód exemplára Date last seen Typ exemplára
      Dar Obecná knižnica Horná Štubňa Obecná knižnica Horná Štubňa 13.03.2026   4736201837 13.03.2026 Krásna literatúra pre deti
Projekt je podporený Slovenskou asociáciou knižníc
Prevádzkuje Turčianska knižnica Martin 2026